|
|
|
|
| LEADER |
00000nab a2200000 ar4500 |
| 001 |
vtls011863202 |
| 003 |
SK-MaSNL |
| 005 |
20260303231447.0 |
| 008 |
190426c20180529xo mr|p|||||||000 b|slo |
| 038 |
|
|
|a SNSK
|
| 040 |
|
|
|a SNSK
|b slo
|e rda
|c SK
|
| 041 |
|
|
|a slo
|
| 043 |
|
|
|a e-xo- - -
|
| 044 |
|
|
|a xo
|c SK
|
| 080 |
|
|
|a 617.7
|2 2011
|
| 080 |
|
|
|a 616-089.8
|2 2011
|
| 245 |
0 |
0 |
|a Jánovi (55) zlepšili zrak vpichom do oka
|b unikátna operácia v Univerzitnej nemocnici L. Pasteura
|c [autor] kz; foto: autor, umlp
|
| 300 |
|
|
|b Fotografie
|
| 610 |
2 |
7 |
|a Univerzitná nemocnica L. Pasteura Košice
|2 snsk
|9 155401
|
| 650 |
0 |
7 |
|a operácie očí
|2 snsk
|9 1246899
|
| 650 |
0 |
7 |
|a vitrektómia
|2 snsk
|9 1258465
|
| 651 |
|
7 |
|a Košice (Slovensko)
|2 snsk
|9 18694
|
| 773 |
0 |
|
|t Nový Čas
|g Roč. 28, č. 122 (29.5.2018), s. 6-7
|x 1335-4655
|
| 852 |
|
|
|a SNSK
|b KIS3GCP
|
| 856 |
4 |
1 |
|u https://www.cas.sk/clanok/699222/v-kosiciach-robia-unikatnu-operaciu-trva-len-15-minut-janovi-zlepsili-zrak-vpichom-do-oka/
|
| 999 |
|
|
|c 2266749
|d 2268679
|